[Event "Rottach Egern Seniors Cup 12th"]
[Site "Rottach Egern"]
[Date "2024.04.09"]
[Round "4"]
[White "Kurpiela, Franz"]
[Black "Thonig, Manfred"]
[Result "1-0"]
[WhiteElo "1848"]
[BlackElo "1726"]
[PlyCount "49"]
[EventDate "2024.04.06"]
[EventType "swiss"]
[EventRounds "9"]
[EventCountry "GER"]
[SourceTitle "CB16_2024"]
[SourceDate "2024.04.17"]
[SourceVersion "1"]
[SourceVersionDate "2024.04.17"]
[SourceQuality "1"]

1. e4 g6 2. d4 Bg7 3. Nf3 d6 4. Bc4 e6 5. 0-0 Ne7 6. c3 c6 7. Bg5 0-0 8. Qd2 b5 9. Bb3 Nd7 10. Re1 Nb6 11. d5 c5 12. dxe6 c4 13. exf7+ Rxf7 14. Bc2 b4 15. e5 bxc3 16. Nxc3 d5 17. Rad1 Bg4 18. Be4 Bxf3 19. Bxf3 Rf5 20. Nxd5 Rxf3 21. Nxe7+ Qxe7 22. Bxe7 Rd3 23. Qa5 Rxd1 24. Rxd1 Kf7 25. Bd8 1-0

[Event "Rottach Egern Seniors Cup 10th"]
[Site "Rottach Egern"]
[Date "2022.03.29"]
[Round "4"]
[White "Thonig, Manfred"]
[Black "Bertram, Marina"]
[Result "1-0"]
[WhiteElo "1544"]
[BlackElo "1304"]
[PlyCount "129"]
[EventDate "2022.03.26"]
[EventType "swiss"]
[EventRounds "9"]
[EventCountry "GER"]
[SourceTitle "CBM 207 Extra"]
[Source "ChessBase"]
[SourceDate "2022.05.31"]
[SourceVersion "1"]
[SourceVersionDate "2022.05.31"]
[SourceQuality "1"]

1. f4 Nf6 2. Nf3 Nc6 3. e3 d6 4. Be2 e5 5. fxe5 dxe5 6. Bb5 Bd6 7. 0-0 0-0 8. Bxc6 bxc6 9. b3 e4 10. Nd4 c5 11. Ne2 Be5 12. c3 Ng4 13. g3 Nh6 14. Ba3 Qe7 15. Qe1 Bh3 16. Nf4 Bxf1 17. Qxf1 Bd6 18. c4 Qe5 19. Nc3 c6 20. Rb1 a5 21. Bb2 Qf5 22. Qg2 Rfe8 23. Rf1 Rad8 24. Nfe2 Qg6 25. Nd1 Be5 26. Bxe5 Rxe5 27. Nf4 Qd6 28. Rf2 Ng4 29. Re2 Nf6 30. Nc3 Qb8 31. h3 Rd6 32. Qh2 h6 33. g4 Rg5 34. Kh1 Rd8 35. Qg2 Re8 36. Nd1 Qe5 37. Nc3 Nxg4 38. hxg4 Qe7 39. Nh3 Re5 40. Qg3 Qf6 41. Rf2 Qg6 42. Nf4 Qd6 43. Qh3 Rg5 44. Qg2 Rge5 45. Qf1 Rg5 46. Rg2 Qf6 47. Qe2 Rge5 48. Rf2 Qh4+ 49. Rh2 Qf6 50. Qg2 g5 51. Nh5 Qg6 52. Ne2 Kh7 53. Qf1 R8e6 54. Rf2 Kg8 55. Nf6+ Kg7 56. Nd7 f6 57. Nxe5 fxe5 58. Ng3 Kg8 59. Rf8+ Kg7 60. Nh5+ Kh7 61. Nf6+ Rxf6 62. Rxf6 Qg7 63. Rf7 Kg8 64. Rxg7+ Kxg7 65. Qf5 1-0

[Event "Bad Wiessee Senioren Cup 8th"]
[Site "Bad Wiessee"]
[Date "2019.05.17"]
[Round "7"]
[White "Thonig, Manfred"]
[Black "Bausch, Jean"]
[Result "0-1"]
[WhiteElo "1564"]
[BlackElo "1755"]
[PlyCount "96"]
[EventDate "2019.05.11"]
[EventType "swiss"]
[EventRounds "9"]
[EventCountry "GER"]
[SourceTitle "EXT 2020"]
[Source "ChessBase"]
[SourceDate "2019.10.17"]
[SourceVersion "1"]
[SourceVersionDate "2019.10.17"]
[SourceQuality "1"]

1. f4 d5 2. Nf3 Nc6 3. e3 g6 4. d4 Nf6 5. Bb5 Bd7 6. 0-0 Bg7 7. a4 0-0 8. Bxc6 Bxc6 9. Ne5 Be8 10. b3 Nd7 11. Nd2 f6 12. Ng4 c5 13. Qf3 Bf7 14. Bb2 Rc8 15. Rac1 h5 16. Nf2 f5 17. Nh3 Bf6 18. Ng5 e6 19. h4 Re8 20. Qg3 Qb6 21. dxc5 Qxc5 22. Bxf6 Nxf6 23. Nxf7 Kxf7 24. Rfe1 Ng4 25. Kh1 e5 26. Nf3 exf4 27. Ng5+ Kg7 28. Qxf4 Re7 29. b4 Qc3 30. Qd6 Qe5 31. Qxe5+ Rxe5 32. Nf3 Rxe3 33. Rxe3 Nxe3 34. Nd4 Kf6 35. c3 a6 36. a5 Ke5 37. Kg1 f4 38. Kf2 Ke4 39. Ke2 Nxg2 40. Nf3 Ne3 41. Nd4 Ng4 42. Rc2 Ne5 43. Ne6 f3+ 44. Kd2 Nc4+ 45. Ke1 Ne3 46. Nc5+ Rxc5 47. bxc5 Nxc2+ 48. Kd2 Ne3 0-1

[Event "Bad Wiessee Senioren Cup 8th"]
[Site "Bad Wiessee"]
[Date "2019.05.11"]
[Round "1"]
[White "Aigner, Georg"]
[Black "Thonig, Manfred"]
[Result "1-0"]
[WhiteElo "1882"]
[BlackElo "1564"]
[PlyCount "107"]
[EventDate "2019.05.11"]
[EventType "swiss"]
[EventRounds "9"]
[EventCountry "GER"]
[SourceTitle "EXT 2020"]
[Source "ChessBase"]
[SourceDate "2019.10.17"]
[SourceVersion "1"]
[SourceVersionDate "2019.10.17"]
[SourceQuality "1"]

1. e4 g6 2. d4 Bg7 3. Nf3 d6 4. Bc4 e6 5. 0-0 Nd7 6. Nc3 h6 7. Re1 Ne7 8. Be3 b6 9. Qd2 Bb7 10. a4 a6 11. h3 Nf6 12. d5 e5 13. Nh2 g5 14. Be2 Ng6 15. Ng4 Nh5 16. Nxe5 Bxe5 17. Bxh5 Nf4 18. Bxf4 gxf4 19. Qe2 Qg5 20. Qg4 Bc8 21. Qxg5 hxg5 22. Bf3 Bd7 23. Kf1 Ke7 24. Ke2 Rag8 25. Bg4 Bxc3 26. bxc3 Bxg4+ 27. hxg4 a5 28. Rh1 Kf6 29. Rh3 Rxh3 30. gxh3 Ke5 31. f3 Rh8 32. Rh1 Kf6 33. Kd3 Ke7 34. e5 dxe5 35. Ke4 Kf6 36. c4 Rd8 37. h4 gxh4 38. Rxh4 Kg6 39. Kxe5 Re8+ 40. Kxf4 Re2 41. g5 Rxc2 42. Rh6+ Kg7 43. Rc6 Ra2 44. Kf5 Rxa4 45. Rxc7 Rb4 46. g6 b5 47. Rxf7+ Kg8 48. cxb5 Rxb5 49. Ke6 a4 50. Ra7 Rb4 51. d6 Rb6 52. f4 Rc6 53. f5 Rc8 54. f6 1-0

[Event "GER-ch Seniors 65 31st"]
[Site "Radebeul"]
[Date "2019.05.01"]
[Round "6"]
[White "Thonig, Manfred"]
[Black "Hoose, Hannelore"]
[Result "1-0"]
[WhiteElo "1564"]
[BlackElo "1674"]
[PlyCount "111"]
[EventDate "2019.04.26"]
[EventType "swiss"]
[EventRounds "9"]
[EventCountry "GER"]
[SourceTitle "CBM 190 Extra"]
[Source "ChessBase"]
[SourceDate "2019.07.15"]
[SourceVersion "1"]
[SourceVersionDate "2019.07.15"]
[SourceQuality "1"]

1. f4 d5 2. Nf3 c5 3. e3 Nc6 4. b3 e6 5. Bb2 Nge7 6. a4 a6 7. Be2 Nf5 8. 0-0 f6 9. Qe1 Qe7 10. c3 Bd7 11. Qc1 Qf7 12. d3 Na5 13. Bd1 Nc6 14. e4 dxe4 15. dxe4 Nh6 16. e5 0-0-0 17. b4 cxb4 18. Nd4 a5 19. Bf3 Qe8 20. cxb4 Bxb4 21. Qc4 Nf5 22. Nxf5 exf5 23. Bd4 Be6 24. Qb5 Rxd4 25. Rc1 Bd7 26. Ra2 fxe5 27. fxe5 Kc7 28. Rac2 Re4 29. Bxe4 fxe4 30. Nc3 Bxc3 31. Rxc3 Qe6 32. Qxa5+ Kb8 33. Qb6 Rc8 34. Rc5 Nd8 35. a5 Qxb6 36. Kh1 Ka8 37. Rxc8+ Bxc8 38. axb6 Nc6 39. Rc5 h5 40. Kg1 Be6 41. Kf2 Bf5 42. h3 h4 43. Ke3 Kb8 44. Kf4 Kc8 45. Kg5 Kd7 46. Kf4 Ke6 47. Rxc6+ bxc6 48. b7 Ke7 49. b8Q Kf7 50. Qc7+ Kf8 51. Qxc6 Kf7 52. Kg5 e3 53. Kh5 Ke7 54. Qd6+ Ke8 55. Kg5 e2 56. Qd2 1-0

[Event "GER-ch Seniors 65 31st"]
[Site "Radebeul"]
[Date "2019.04.28"]
[Round "3"]
[White "Peter, Volkhard"]
[Black "Thonig, Manfred"]
[Result "1-0"]
[WhiteElo "1723"]
[BlackElo "1564"]
[PlyCount "57"]
[EventDate "2019.04.26"]
[EventType "swiss"]
[EventRounds "9"]
[EventCountry "GER"]
[SourceTitle "CBM 190 Extra"]
[Source "ChessBase"]
[SourceDate "2019.07.15"]
[SourceVersion "1"]
[SourceVersionDate "2019.07.15"]
[SourceQuality "1"]

1. e4 e5 2. f4 exf4 3. Bc4 Qh4+ 4. Kf1 d6 5. Nf3 Qf6 6. Nc3 Be6 7. Qe2 Nd7 8. Nb5 Qd8 9. d4 a6 10. Nc3 Qf6 11. h3 g5 12. d5 g4 13. dxe6 fxe6 14. hxg4 b5 15. g5 Qe7 16. Bb3 c5 17. a4 c4 18. Ba2 b4 19. Nd1 Nb6 20. Bxc4 Nxc4 21. Qxc4 Qd7 22. Bxf4 d5 23. exd5 exd5 24. Qe2+ Kd8 25. Be5 Bg7 26. Bxg7 Qxg7 27. Qe5 Qxe5 28. Nxe5 Nh6 29. Rxh6 1-0

[Event "GER-ch Seniors 65 31st"]
[Site "Radebeul"]
[Date "2019.04.27"]
[Round "2"]
[White "Andrijenko, Anatoliy"]
[Black "Thonig, Manfred"]
[Result "1-0"]
[WhiteElo "1828"]
[BlackElo "1564"]
[PlyCount "55"]
[EventDate "2019.04.26"]
[EventType "swiss"]
[EventRounds "9"]
[EventCountry "GER"]
[SourceTitle "CBM 190 Extra"]
[Source "ChessBase"]
[SourceDate "2019.07.15"]
[SourceVersion "1"]
[SourceVersionDate "2019.07.15"]
[SourceQuality "1"]

1. e4 g6 2. d4 Bg7 3. Nf3 d6 4. Bf4 Nf6 5. Nc3 a6 6. h3 h6 7. Bd3 Nbd7 8. Qd2 g5 9. e5 dxe5 10. dxe5 Nc5 11. exf6 Nxd3+ 12. cxd3 Bxf6 13. Be3 c6 14. d4 b5 15. Ne4 Bg7 16. Rd1 f5 17. Nexg5 hxg5 18. Bxg5 Be6 19. b3 Qc7 20. Bf4 Qb6 21. Ne5 Rd8 22. 0-0 c5 23. dxc5 Rxd2 24. cxb6 Rxd1 25. Rxd1 Bc8 26. Rc1 Bb7 27. Rc7 Bxe5 28. Bxe5 1-0

[Event "GER-chA Seniors 28th"]
[Site "Niederhausen"]
[Date "2016.08.18"]
[Round "6"]
[White "Thonig, Manfred"]
[Black "Schulz, Gerhard1111"]
[Result "0-1"]
[WhiteElo "1552"]
[BlackElo "1853"]
[PlyCount "74"]
[EventDate "2016.08.13"]
[EventType "swiss"]
[EventRounds "9"]
[EventCountry "GER"]
[SourceTitle "EXT 2019"]
[Source "ChessBase"]
[SourceDate "2018.10.10"]
[SourceVersion "1"]
[SourceVersionDate "2018.10.10"]
[SourceQuality "1"]

1. f4 d5 2. Nf3 Nf6 3. e3 e6 4. Be2 Be7 5. 0-0 0-0 6. b3 c5 7. Bb2 Nc6 8. d4 Bd7 9. Ne5 Rc8 10. Nd2 cxd4 11. exd4 Ne8 12. Ndf3 f6 13. Nxd7 Qxd7 14. c4 Kh8 15. a3 Nd6 16. Bd3 dxc4 17. bxc4 Nf5 18. Bxf5 exf5 19. Qd2 b6 20. Bc3 Nd8 21. Qd3 Nb7 22. Nh4 g6 23. Qh3 Kg7 24. Qd3 Nc5 25. Qe2 Na4 26. Qc2 Rxc4 27. Rf3 Rfc8 28. Nxf5+ gxf5 29. Rg3+ Kh8 30. d5 Nxc3 31. Qb2 Qxd5 32. Re1 Ne4 33. Rge3 Rc2 34. Qa1 Bc5 35. h3 Bxe3+ 36. Kh2 Bxf4+ 37. Kh1 Rc1 0-1

[Event "Arber op Seniors 4th"]
[Site "Bodenmais"]
[Date "2016.07.31"]
[Round "2"]
[White "Thonig, Manfred"]
[Black "Ketzscher, Roland"]
[Result "1/2-1/2"]
[WhiteElo "1592"]
[BlackElo "1933"]
[PlyCount "40"]
[EventDate "2016.07.30"]
[EventType "swiss"]
[EventRounds "9"]
[EventCountry "GER"]
[SourceTitle "EXT 2017"]
[Source "ChessBase"]
[SourceDate "2016.10.25"]
[SourceVersion "1"]
[SourceVersionDate "2016.10.25"]
[SourceQuality "1"]

1. f4 Nf6 2. Nf3 d5 3. e3 g6 4. c4 Bg7 5. d4 0-0 6. Bd3 Bg4 7. 0-0 e6 8. Qb3 Bxf3 9. Rxf3 b6 10. Nd2 c5 11. cxd5 exd5 12. Qc2 Nc6 13. dxc5 Nb4 14. Qb3 Nxd3 15. Qxd3 bxc5 16. b3 Ne4 17. Rb1 f5 18. Bb2 Nxd2 19. Qxd2 Bxb2 20. Qxb2 Re8 1/2-1/2

[Event "Arco op 37th"]
[Site "Arco"]
[Date "2015.10.14"]
[Round "5"]
[White "Vivoda, Sergio"]
[Black "Thonig, Manfred"]
[Result "0-1"]
[WhiteElo "1753"]
[BlackElo "1635"]
[PlyCount "124"]
[EventDate "2015.10.10"]
[EventType "swiss"]
[EventRounds "9"]
[EventCountry "ITA"]
[SourceTitle "CBM 168 Extra"]
[Source "ChessBase"]
[SourceDate "2015.10.29"]
[SourceVersion "1"]
[SourceVersionDate "2015.10.29"]
[SourceQuality "1"]

1. Nf3 Nf6 2. g3 g6 3. Bg2 Bg7 4. 0-0 0-0 5. d4 d5 6. Nc3 Nc6 7. Re1 h6 8. Bf4 a6 9. Ne5 Nh5 10. Nxc6 bxc6 11. Bc1 Bd7 12. b3 Qc8 13. Ba3 Re8 14. e4 e6 15. e5 Bf8 16. Bxf8 Rxf8 17. Qd2 Kh7 18. g4 Ng7 19. Re3 g5 20. Rh3 Qd8 21. f4 f6 22. exf6 Qxf6 23. fxg5 Qf4 24. Rxh6+ Kg8 25. Qxf4 Rxf4 26. Ne2 Rxg4 27. Rh3 Rxg5 28. Rg3 Rxg3 29. Nxg3 Rf8 30. Rd1 Nf5 31. Nxf5 Rxf5 32. Bh3 Rg5+ 33. Kf2 Kf7 34. Rd2 Ke7 35. Bf1 Rf5+ 36. Ke1 Bc8 37. c4 Rg5 38. Rd3 a5 39. Rg3 Rxg3 40. hxg3 Ba6 41. Kd2 Kf6 42. Ke3 e5 43. dxe5+ Kxe5 44. Bd3 d4+ 45. Kf3 c5 46. g4 Bb7+ 47. Kg3 Be4 48. Be2 d3 49. Bd1 Kd4 50. Kf4 d2 51. g5 c6 52. a4 Bg6 53. Kg3 Kc3 54. Kf2 Kb2 55. Ke3 Kc1 56. Bf3 d1Q 57. Bxd1 Kxd1 58. Kf4 Kc2 59. Ke5 Kxb3 60. Kd6 Kxc4 61. Kxc6 Kb4 62. Kb6 c4 0-1